| 000 -LEADER |
| fixed length control field |
00491cam a22001691 4500 |
| 005 - DATE AND TIME OF LATEST TRANSACTION |
| control field |
20131111085520.0 |
| 008 - FIXED-LENGTH DATA ELEMENTS--GENERAL INFORMATION |
| fixed length control field |
730208s1960 maua 000 0 eng |
| 041 0# - LANGUAGE CODE |
| Language code of text/sound track or separate title |
eng |
| 080 ## - UNIVERSAL DECIMAL CLASSIFICATION NUMBER |
| Universal Decimal Classification number |
336.2 |
| 100 1# - Rafti |
| Rafti |
Parkinson, C. Northcote |
| 100 1# - Rafti |
| -- |
(Cyril Northcote), |
| -- |
1909-1993. |
| 245 14 - TITLE STATEMENT |
| Title |
The law and the profits. |
| Statement of responsibility, etc |
Illustrated by Robert C. Osborn. |
| 260 ## - |
| -- |
Boston, |
| -- |
Houghton Mifflin, |
| -- |
1960. |
| 300 ## - |
| -- |
246 p. |
| -- |
illus. |
| -- |
22 cm. |
| 500 ## - |
| -- |
Preface : f. 7-8 |
| 650 #0 - |
| -- |
Taksat |
| 942 ## - ADDED ENTRY ELEMENTS (KOHA) |
| Source of classification or shelving scheme |
|
| Item type |
Books |